000 00436 a2200181 4500
005 20240606104303.0
010 _aB-759296
020 _a9788194961826
_c490.00
035 _aB-759296
037 _bGift
082 _aS
245 _aWise Boy's Stories/
260 _aNew Delhi
_bVishu Books
270 _aNew Delhi
300 _a160 p.
_c28 cm(Hb)
942 _adpl
_cCH
_2ddc
_hS
_mWIS
999 _c203528
_d203528